000 00607nam a22002057a 4500
005 20230912150735.0
010 _aENG-137919
020 _c995.00
_a9789357053846
035 _aEN-121451
037 _bDBAD/PUB
082 _a530
_2First
100 _aSardana, Rahul
_956444
245 _a2024 JEE Main Physics/
_cBy Rahul Sardana
250 _aFirst
260 _aNoida
_bPearson India Education Services Pvt Ltd
_c2023
270 _aIst Floor, Berger Tower, Plot No C-001A/2 Sector 16B
_bNoida
_e201301
300 _avpp.
_c28cm(pbk)
490 _v1
942 _2ddc
_cEN
_h530
_mSAR
999 _c197727
_d197727